000 02016nam0a2200421 i 4500
001 RU\NLR\bibl\2083573
005 20260503060830.0
010 _a9785913380937
_9150
021 _aRU
_b2013-73419
_95034
035 _a(nilc)RuMoRGB-006666373
035 _a(NLR Aleph) 002073788
090 _a4782950
_c4782950
100 _a20131026d2013 u y0rusy50 ca
101 0 _arus
102 _aRU
105 _aa zzzz|||||
200 1 _aСлавистические этюды
_eизбранное
_fБронислав Табачников
_g[ред.: Р.В. Андреева]
210 _aВоронеж
_cЦентр духовного возрождения Черноземного края
_d2013
215 _a254, [1] с.
_cцв. портр.
_d21
300 _aНа обороте тит.л. авт.: Табачников Б.Я. - ученый историк и просветитель
320 _aБиблиогр. в подстроч. примеч.
600 1 _aТабачников
_bБ. Я.
_f1936
_gБронислав Яковлевич
_jВоспоминания, записки и т.п
_92185530
_3RU\NLR\AUTH\6601550278
606 1 _aРабочее движение
_xИстория
_z19 - 20 вв.
_92429707
_3RU\NLR\AUTH\661446297
607 _aЮгославия
_xИстория
_z20 - 21 вв.
_92623117
_3RU\NLR\AUTH\661559677
686 1 _aТ3(0) 52-42
686 1 _aТ3(4Ю) 6,02
686 1 _aТ3( 4Ю)7,02
686 1 _aЧ489.24(2Р)7-8Табачников
700 1 _aТабачников
_bБ. Я.
_f1936-
_gБронислав Яковлевич
_3RU\NLR\AUTH\770133411
_9133377
702 1 _4340
_aАндреева
_bР. В.
_cредактор фонда
_gРаиса Васильевна
_3RU\NLR\AUTH\770133414
_9133380
801 0 _aRU
_bRuMoRKP
_c20130912
_gRCR
801 2 _aRU
_bРГБ
_c20131001
_grcr
801 1 _aRU
_bRuMoRKP
_c20130912
_2rusmarc
801 2 _aRU
_bNLR
_c20131017
_grcr
942 _cBOOK
980 _aNBR